Представление документа в формате RUSMARC

ПолеНазваниеЗначение
  Тип записи i
  Библиографический уровень m
001 Контрольный номер LIBNET\0000537159
005 Дата корректировки 20260519144223.5
010 Индекс ISBN __
d Цена 413-10
100 Данные общей обработки __
a Данные общей обработки 19150617d2014####||| 0rusy0189 ca
101 Язык документа 1_
a Язык текста rus
c Язык оригинала nnn
102 Страна публикации __
a Страна публикации RU|
105 Кодированные данные (монография) __
a Кодированные данные (монография) nn|||||||||zy
127 Кодированные данные (звукозаписи-физические характеристики) __
a Продолжительность проигрывания 16 ч
200 Заглавие и сведения об ответственности 1_
a Заглавие Затмение
e Сведения, относящиеся к заглавию [самая знаменитая вампирская сага XXI века: Сумерки, Новолуние, Затмение, Рассвет : 16+]
f Первые сведения об ответственности Стефани Майер ; [читает Ксения Бржезовская ; перевод О. Василенко]
b Общее обозначение материала Звукозапись
210 Выходные данные 1_
a Место издания Москва
c Издательство Аудиокнига
d Дата издания 2014
215 Физическое описание __
a Объем 2 электрон. опт. диска (Audio CD)
c Иллюстрации/тип воспроизводства зв.
d Формат 12х14 см
225 Серия 2_
a Серия Аудиокнига
230 Специфическая характеристика материала: электронные ресурсы __
a Обозначение и объем ресурса Электронные звуковые данные
323 Примечание о главных создателях, исполнителях, участниках __
a Примечание о главных создателях, исполнителях, участниках Бржезовская, К. (читает)
330 Аннотация __
a Аннотация Третья аудиокнига знаменитой вампирской саги, возглавившая списки бестселлеров семи стран и проданная тиражом в два миллиона экземпляров. Истинная любовь не страшится опасности... Белла Свон готова стать подругой своего возлюбленного Эдварда навеки, ведь именно вечность длится жизнь вампира. Но тогда ей придется предать лучшего друга - вервольфа Джейка и тем самым, возможно, заново разжечь древнюю вражду между "ночными охотниками" и их исконными врагами - оборотнями...
333 Примечание о целевом назначении __
a Примечание о целевом назначении 16+. Для детей старше 16 лет
337 Примечание о системных требованиях (электронные ресурсы) __
a Примечание о системных требованиях (электронные ресурсы) Системные требования: CD-плеер с поддержкой MP3 или Pentium-233 c Windows 9x-XP, CD-ROM, звуковая карта
606 Тематические рубрики __
a Основная рубрика Художественная литература
606 Тематические рубрики __
a Основная рубрика Литература Америки (произведения)
y Географическая подрубрика США
610 Ключевые слова 0_
a Ключевые слова американская литература
a Ключевые слова зарубежная литература
a Ключевые слова иностранная литература
a Ключевые слова мистика
a Ключевые слова тема вампиров
a Ключевые слова тема любви
a Ключевые слова тема оборотней
a Ключевые слова фэнтези
a Ключевые слова фэнтези
686 Индексы других классификаций __
2 Код системы rubbks
a Классификационный индекс 84(7Сое)6-445я04; ст84(7Сое)-4я0
700 Автор _1
a Фамилия Майер
b Имя С.
f Даты 1973-
g Полное личное имя Стефани
4 Код отношения 070
702 Вторичная интеллектуальная ответственность _1
a Фамилия Василенко
b Имя О.
4 Код отношения Переводчик
4 Код отношения 730
801 Источник записи _0
a Страна RU
b Организация Муниципальное бюджетное учреждение культуры "Централизованная библиотечная система" г. Сургут (Центральная городская библиотека им. А. С. Пушкина)
c Дата составления 20150617
g Правила каталогизации КиК/Апакова
801 Источник записи _1
a Страна RU
b Организация Муниципальное бюджетное учреждение культуры "Централизованная библиотечная система" г. Сургут (Центральная городская библиотека им. А. С. Пушкина)
c Дата составления 20150617
g Правила каталогизации КиК/Апакова
852 Данные о местонахождении __
j Шифр хранения 84(7Сое)6-445я04
i Авторский знак М 14
901 Тип документа __
t Тип документа 0
903 Характеристики (МАРС) __
a Дата передачи 20150617
969 Тип издания __
a Тип издания аудиокнига; издание для слепых; издание для юношества
990 Данные о заказе (DOS) __
j Количество экземпляров (DOS) 10
t N записи в КСУ для И/У (DOS) 201506